01287nam a2200289 a 4500001001200000003000800012006001900020007001500039008004100054010001700095020001500112040002100127035002100148050002400169245017800193260005400371300001400425504005200439533015200491650005100643650004700694650004400741650004000785655002900825710001700854856012600871ebr10055062CaPaEBRm u cr cn|||||||||980911s1998 dcu sb 000 0 eng  z 98195008  z0309060389 aCaPaEBRcCaPaEBR a(OCoLC)61472989514aHV5760b.T35 1998eb00aTaking action to reduce tobacco useh[electronic resource] /cNational Cancer Policy Board, Institute of Medicine and Commission on Life Sciences, National Research Council. aWashington, DC :bNational Academy Press,cc1998. avi, 36 p. aIncludes bibliographical references (p. 31-36). aElectronic reproduction.bPalo Alto, Calif. :cebrary,d2013.nAvailable via World Wide Web.nAccess may be limited to ebrary affiliated libraries. 0aTobacco usexGovernment policyzUnited States. 0aSmokingxGovernment policyzUnited States. 0aTobacco usezUnited StatesxPrevention. 0aSmokingzUnited StatesxPrevention. 7aElectronic books.2local2 aebrary, Inc.40uhttp://site.ebrary.com/lib/rucke/Doc?id=10055062zAn electronic book accessible through the World Wide Web; click to view